000
00304nam a22001457a 4500
008
210512b ||||| |||| 00| 0 eng d
020
_a
0138232873
041
_a
eng
080
_2
2nd
_a
316
082
_a
316
100
_a
50
101
_a
SOC
245
_a
Sociology
_c
Macionis,J.J
942
_2
udc
_c
BK
999
_c
57283
_d
57283